[Event "2. Bundesliga Ost 2014/2015"]
[Site "1020 Wien, Haus des Schachsports, Marathonweg 14"]
[Date "2015.02.22"]
[Round "9"]
[Board "3"]
[White "Menezes, Christoph"]
[Black "Kummer, Helmut"]
[Result "1/2-1/2"]
[WhiteElo "2263"]
[BlackElo "2354"]
[PlyCount "107"]
[EventDate "2014.10.18"]
[EventType "team"]
[EventRounds "11"]
[EventCountry "AUT"]
[WhiteTeam "SG Hietzing/Ottakring"]
[BlackTeam "SC Donaustadt"]

1. c4 e5 2. g3 Nf6 3. Bg2 d5 4. cxd5 Nxd5 5. Nc3 Nb6 6. Nf3 Nc6 7. O-O Be7 8.
a3 O-O 9. b4 Be6 10. Rb1 f6 11. d3 Nd4 12. Nd2 Nd5 13. Bb2 Nxc3 14. Bxc3 Bd5
15. Bxd4 exd4 16. Bxd5+ Qxd5 17. Qb3 Rad8 18. Rfc1 c6 19. Rc4 Rf7 20. Qc2 f5
21. a4 f4 22. Nf3 fxg3 23. hxg3 Bf6 24. b5 cxb5 25. Rxb5 Qe6 26. Rbc5 h6 27.
Rc7 Rxc7 28. Rxc7 Rd7 29. Rxd7 Qxd7 30. Nd2 b6 31. Qc4+ Qf7 32. Qc8+ Qf8 33.
Qc6 Qf7 34. Kg2 g6 35. Qa8+ Kh7 36. Ne4 Bg7 37. Qc8 Qe7 38. f4 Qf7 39. Kf3 Qe7
40. Qc6 Qf7 41. Qd6 g5 42. Kg4 gxf4 43. gxf4 Qa2 44. Kf3 Qxa4 45. f5 Qe8 46. f6
Bf8 47. Qc7+ Kg8 48. Qxa7 Qh5+ 49. Kf2 Qf5+ 50. Kg2 Qg6+ 51. Kf2 Qf5+ 52. Kg3
Bd6+ 53. Nxd6 Qg5+ 54. Kh3 1/2-1/2

[Event "2. Bundesliga Ost 2014/2015"]
[Site "1020 Wien, Haus des Schachsports, Marathonweg 14"]
[Date "2015.02.22"]
[Round "9"]
[Board "4"]
[White "Hansen, Kay"]
[Black "Penz, Harald"]
[Result "0-1"]
[WhiteElo "2168"]
[BlackElo "2321"]
[PlyCount "100"]
[EventDate "2014.10.18"]
[EventType "team"]
[EventRounds "11"]
[EventCountry "AUT"]
[WhiteTeam "SC Donaustadt"]
[BlackTeam "SG Hietzing/Ottakring"]

1. d4 d5 2. c4 c5 3. Nf3 Nf6 4. Nc3 cxd4 5. Nxd5 Nxd5 6. cxd5 Qxd5 7. Qxd4 Qxd4
8. Nxd4 Bd7 9. e4 Nc6 10. Nxc6 Bxc6 11. Bd3 e5 12. Be3 Bd6 13. O-O Ke7 14. Rac1
a6 15. Bb6 Rac8 16. Rfd1 Ba4 17. b3 Bd7 18. Kf1 Ba3 19. Rc7 Rxc7 20. Bxc7 f6
21. Rd2 Rc8 22. Rc2 Be6 23. Ke2 Kd7 24. Ba5 Rxc2+ 25. Bxc2 Kc6 26. Bd8 b6 27.
f4 Bg4+ 28. Kf1 exf4 29. e5 fxe5 30. Bxh7 Bc5 31. Be4+ Kd7 32. Bh4 Kd6 33. h3
Bh5 34. Be1 a5 35. g4 fxg3 36. Bxg3 a4 37. Be1 a3 38. Bd2 Bd1 39. b4 Bd4 40.
Ke1 Bb3 41. Bb1 Bc4 42. Kd1 e4 43. Bxe4 Bxa2 44. Kc2 Ke5 45. Bg2 Be6 46. Bc3 g5
47. Kd3 Bxc3 48. Kxc3 Kf4 49. Bf1 Kg3 50. Kc2 Kf2 0-1

[Event "2. Bundesliga Ost 2014/2015"]
[Site "1020 Wien, Haus des Schachsports, Marathonweg 14"]
[Date "2015.02.22"]
[Round "9"]
[Board "5"]
[White "Schneider-Zinner, Harald"]
[Black "Petroczi, Thomas"]
[Result "1-0"]
[WhiteElo "2336"]
[BlackElo "2210"]
[PlyCount "65"]
[EventDate "2014.10.18"]
[EventType "team"]
[EventRounds "11"]
[EventCountry "AUT"]
[WhiteTeam "SG Hietzing/Ottakring"]
[BlackTeam "SC Donaustadt"]

1. d4 f5 2. Bg5 Nf6 3. Bxf6 exf6 4. e3 d5 5. c4 Be6 6. Nc3 dxc4 7. d5 Bf7 8.
Bxc4 Nd7 9. Nge2 Qe7 10. O-O O-O-O 11. d6 cxd6 12. Bxf7 Qxf7 13. Nd5 Nc5 14. b4
Na6 15. Qc2+ Kb8 16. Qxf5 g6 17. Qd3 Bg7 18. Rac1 f5 19. a3 Rhe8 20. Rc4 Rc8
21. Rfc1 Rxc4 22. Rxc4 Qd7 23. h3 Rc8 24. Nd4 Rf8 25. Nb5 Qe6 26. Nbc7 Nxc7 27.
Rxc7 Rf7 28. Qc4 Be5 29. a4 Qe8 30. b5 Rd7 31. f4 Bb2 32. a5 Qd8 33. b6 1-0

[Event "2. Bundesliga Ost 2014/2015"]
[Site "1020 Wien, Haus des Schachsports, Marathonweg 14"]
[Date "2015.02.22"]
[Round "9"]
[Board "6"]
[White "Karlusch, Albrecht"]
[Black "Gstach, Jakob"]
[Result "1/2-1/2"]
[WhiteElo "2129"]
[BlackElo "2263"]
[PlyCount "65"]
[EventDate "2014.10.18"]
[EventType "team"]
[EventRounds "11"]
[EventCountry "AUT"]
[WhiteTeam "SC Donaustadt"]
[BlackTeam "SG Hietzing/Ottakring"]

1. e4 c5 2. Nf3 d6 3. d4 cxd4 4. Nxd4 Nf6 5. Nc3 a6 6. Bg5 e6 7. Qf3 Be7 8.
O-O-O Nbd7 9. Be2 Qc7 10. Qg3 b5 11. Bxb5 axb5 12. Ndxb5 Qb7 13. Qxd6 Bxd6 14.
Nxd6+ Ke7 15. Nxb7 Bxb7 16. f3 Rhc8 17. Bd2 Bc6 18. b3 Nc5 19. Kb2 Nfd7 20. a4
Rcb8 21. Kc1 g6 22. Bf4 e5 23. Be3 Rc8 24. Kb2 Rab8 25. Ka3 Ra8 26. Bf2 Nxa4
27. bxa4 Bxa4 28. Nxa4 Rc4 29. Kb3 Rcxa4 30. Rb1 Ra3+ 31. Kb4 Ra2 32. Rhc1 Rxc2
33. Rxc2 1/2-1/2

[Event "2. Bundesliga Ost 2014/2015"]
[Site "1020 Wien, Haus des Schachsports, Marathonweg 14"]
[Date "2015.02.22"]
[Round "9"]
[Board "1"]
[White "Chytilek, Roman"]
[Black "Rudolf, Herbert"]
[Result "1-0"]
[WhiteElo "2362"]
[BlackElo "2144"]
[PlyCount "39"]
[EventDate "2014.10.18"]
[EventType "team"]
[EventRounds "11"]
[EventCountry "AUT"]
[WhiteTeam "SV Stockerau"]
[BlackTeam "SK Advisory Invest Baden"]

1. Nf3 Nf6 2. c4 g6 3. Nc3 d5 4. cxd5 Nxd5 5. Qb3 Nb6 6. d4 Bg7 7. Bf4 O-O 8.
e3 Be6 9. Qa3 c6 10. Be2 N8d7 11. O-O Bc4 12. Bxc4 Nxc4 13. Qb3 Ncb6 14. Rfd1
Nf6 15. e4 e6 16. a4 Nh5 17. Be3 Qe7 18. a5 Nc8 19. d5 cxd5 20. exd5 1-0

[Event "2. Bundesliga Ost 2014/2015"]
[Site "1020 Wien, Haus des Schachsports, Marathonweg 14"]
[Date "2015.02.22"]
[Round "9"]
[Board "2"]
[White "Juenger, Heinz"]
[Black "Groetz, Harald"]
[Result "1-0"]
[WhiteElo "2110"]
[BlackElo "2309"]
[PlyCount "137"]
[EventDate "2014.10.18"]
[EventType "team"]
[EventRounds "11"]
[EventCountry "AUT"]
[WhiteTeam "SK Advisory Invest Baden"]
[BlackTeam "SV Stockerau"]

1. d4 Nf6 2. c4 c5 3. d5 b5 4. cxb5 a6 5. bxa6 Bxa6 6. Nc3 d6 7. Nf3 g6 8. g3
Bg7 9. Bg2 O-O 10. O-O Nbd7 11. Rb1 Ra7 12. Re1 Qa8 13. a4 Rb8 14. b3 Ng4 15.
Bd2 Rab7 16. Qc2 Qa7 17. h3 Nge5 18. Nxe5 Nxe5 19. Ne4 Rc7 20. Bc3 h6 21. Nd2
Bc8 22. Qb2 Bf5 23. Be4 Nc4 24. Nxc4 Bxc3 25. Qxc3 Bxe4 26. Rbd1 Bf5 27. g4 Bc8
28. e4 f6 29. f4 Ba6 30. e5 Bxc4 31. bxc4 fxe5 32. fxe5 Qxa4 33. Qd3 Kh7 34.
Rf1 Kg7 35. Rf3 Rcc8 36. Re1 Re8 37. exd6 exd6 38. Re6 Rxe6 39. dxe6 Qa1+ 40.
Rf1 Qd4+ 41. Qxd4+ cxd4 42. Rf7+ Kg8 43. Rd7 Kf8 44. e7+ Kf7 45. Rxd6 Kxe7 46.
Rxg6 h5 47. gxh5 Rc8 48. h6 Kf7 49. Rg7+ Kf6 50. Rg4 Ke5 51. Kf2 Ra8 52. h7 Rh8
53. Rh4 Kf5 54. Ke2 Kg5 55. Rxd4 Rxh7 56. h4+ Kf5 57. Kd3 Rc7 58. Rd5+ Ke6 59.
h5 Ra7 60. Rb5 Kd6 61. Kd4 Kc6 62. Rc5+ Kd6 63. Rg5 Ra1 64. Rg6+ Kd7 65. h6 Rh1
66. Ke5 Rh5+ 67. Kf6 Rh4 68. Kg7 Re4 69. h7 1-0

[Event "2. Bundesliga Ost 2014/2015"]
[Site "1020 Wien, Haus des Schachsports, Marathonweg 14"]
[Date "2015.02.22"]
[Round "9"]
[Board "3"]
[White "Schmid, Thomas"]
[Black "Herndlbauer, Martin"]
[Result "1/2-1/2"]
[WhiteElo "2193"]
[BlackElo "2110"]
[PlyCount "66"]
[EventDate "2014.10.18"]
[EventType "team"]
[EventRounds "11"]
[EventCountry "AUT"]
[WhiteTeam "SV Stockerau"]
[BlackTeam "SK Advisory Invest Baden"]

1. e4 d5 2. exd5 Qxd5 3. Nc3 Qa5 4. d4 c6 5. Nf3 Nf6 6. Bc4 Bf5 7. Bd2 e6 8.
Nd5 Qd8 9. Nxf6+ gxf6 10. Qe2 Bxc2 11. d5 cxd5 12. Bb5+ Nd7 13. Nd4 Be4 14. O-O
Be7 15. Kh1 a6 16. Ba4 b5 17. f3 Qb6 18. fxe4 Qxd4 19. Bc2 Rc8 20. Bc3 Qc5 21.
exd5 Qxd5 22. Be4 Qc4 23. Bd3 Qh4 24. Rad1 Bd6 25. g3 Bxg3 26. a4 Rc5 27. Rg1
Bb8 28. axb5 Rh5 29. Rg2 Rd5 30. bxa6 Ke7 31. Rg4 Qh5 32. Rd4 Qxe2 33. Bxe2 Nb6
 1/2-1/2

[Event "2. Bundesliga Ost 2014/2015"]
[Site "1020 Wien, Haus des Schachsports, Marathonweg 14"]
[Date "2015.02.22"]
[Round "9"]
[Board "4"]
[White "Zojer, Stefan"]
[Black "Schirmbeck, Hannes"]
[Result "1-0"]
[WhiteElo "2093"]
[BlackElo "2141"]
[PlyCount "63"]
[EventDate "2014.10.18"]
[EventType "team"]
[EventRounds "11"]
[EventCountry "AUT"]
[WhiteTeam "SK Advisory Invest Baden"]
[BlackTeam "SV Stockerau"]

1. e4 c5 2. Nc3 Nc6 3. f4 e6 4. Nf3 a6 5. a4 d5 6. e5 Nge7 7. d4 Nf5 8. Ne2 Qb6
9. c3 cxd4 10. cxd4 Bb4+ 11. Kf2 O-O 12. g4 Nh6 13. Bh3 Be7 14. Rg1 f6 15. exf6
gxf6 16. Kg2 Nf7 17. Kh1 Nd6 18. Qe1 e5 19. g5 fxg5 20. Nxg5 Bxg5 21. Rxg5+ Kh8
22. Bxc8 Raxc8 23. dxe5 Ne4 24. Qg1 Qb3 25. Rg2 Nb4 26. Ra3 Qc4 27. Rf3 Nd3 28.
Be3 Nb4 29. e6 Nc6 30. Nd4 Ne7 31. Rg7 Rg8 32. Rxh7+ 1-0

[Event "2. Bundesliga Ost 2014/2015"]
[Site "1020 Wien, Haus des Schachsports, Marathonweg 14"]
[Date "2015.02.22"]
[Round "9"]
[Board "5"]
[White "Pernerstorfer, Johannes"]
[Black "Geismann, Bernhard"]
[Result "1-0"]
[WhiteElo "2101"]
[BlackElo "2047"]
[PlyCount "35"]
[EventDate "2014.10.18"]
[EventType "team"]
[EventRounds "11"]
[EventCountry "AUT"]
[WhiteTeam "SV Stockerau"]
[BlackTeam "SK Advisory Invest Baden"]

1. e4 e5 2. Nf3 Nc6 3. Bb5 a6 4. Ba4 Nf6 5. O-O Be7 6. Re1 b5 7. Bb3 O-O 8. h3
Bb7 9. c3 d5 10. exd5 Nxd5 11. d4 exd4 12. cxd4 Bf6 13. Nc3 Nxc3 14. bxc3 Na5
15. Bc2 c5 16. Ba3 b4 17. cxb4 Nc4 18. Qd3 1-0

[Event "2. Bundesliga Ost 2014/2015"]
[Site "1020 Wien, Haus des Schachsports, Marathonweg 14"]
[Date "2015.02.22"]
[Round "9"]
[Board "6"]
[White "Stangler, Peter"]
[Black "Gajic, Zoran"]
[Result "0-1"]
[WhiteElo "2022"]
[BlackElo "2106"]
[PlyCount "136"]
[EventDate "2014.10.18"]
[EventType "team"]
[EventRounds "11"]
[EventCountry "AUT"]
[WhiteTeam "SK Advisory Invest Baden"]
[BlackTeam "SV Stockerau"]

1. d4 Nf6 2. Bg5 Ne4 3. Bf4 d5 4. f3 Nf6 5. Nc3 c5 6. e4 cxd4 7. Qxd4 Nc6 8.
Bb5 Bd7 9. Bxc6 Bxc6 10. exd5 Nxd5 11. Nxd5 Qxd5 12. Qxd5 Bxd5 13. O-O-O e6 14.
Kb1 Be7 15. Ne2 Bf6 16. Rd2 O-O 17. Rhd1 Rac8 18. Be3 b6 19. Nf4 Bc6 20. Nd3
Rfe8 21. Nb4 Bb5 22. f4 Be7 23. Nd3 f6 24. b3 Bc6 25. Bd4 Red8 26. Bb2 Kf7 27.
Re2 Bd6 28. Rde1 Re8 29. g3 Rcd8 30. Re3 g6 31. g4 Bb5 32. c4 Bc6 33. Rg3 h5
34. g5 f5 35. Ne5+ Bxe5 36. Bxe5 Rd2 37. b4 Be4+ 38. Ka1 Rc2 39. Rd1 Rxc4 40.
Ra3 Re7 41. Rc3 Rxc3 42. Bxc3 Ke8 43. Kb2 Rd7 44. Rxd7 Kxd7 45. Bd4 Kc6 46. a4
Kd5 47. Kc3 Bf3 48. a5 Ke4 49. axb6 axb6 50. Be5 Be2 51. Bc7 b5 52. Bd6 Ke3 53.
Bc7 h4 54. Bd6 Bc4 55. Bc7 Kf3 56. Kd4 Kg2 57. Ke3 Kxh2 58. Kf2 Kh3 59. Bb6 Kg4
60. Be3 e5 61. fxe5 f4 62. Bc5 Kxg5 63. Be7+ Kg4 64. Bc5 Bd5 65. Kg1 g5 66. Bd4
Kh5 67. Bc5 g4 68. Bd4 g3 0-1

[Event "2. Bundesliga Ost 2014/2015"]
[Site "1020 Wien, Haus des Schachsports, Marathonweg 14"]
[Date "2015.02.22"]
[Round "9"]
[Board "1"]
[White "Baumegger, Siegfried"]
[Black "Hangweyrer, Manfred"]
[Result "1/2-1/2"]
[WhiteElo "2465"]
[BlackElo "2362"]
[PlyCount "62"]
[EventDate "2014.10.18"]
[EventType "team"]
[EventRounds "11"]
[EventCountry "AUT"]
[WhiteTeam "tschaturanga"]
[BlackTeam "SK Austria"]

1. d4 d5 2. c4 c6 3. Nf3 Nf6 4. Nc3 a6 5. e3 e6 6. b3 Bb4 7. Bd2 Bd6 8. Bd3
Nbd7 9. O-O O-O 10. Rc1 e5 11. cxd5 cxd5 12. dxe5 Nxe5 13. Nxe5 Bxe5 14. Ne2
Re8 15. Nd4 Ne4 16. Be1 Qf6 17. Nf3 Bd6 18. Be2 Bg4 19. Ba5 Ba3 20. Rc2 b6 21.
Be1 Rad8 22. Nd4 Bxe2 23. Qxe2 Bc5 24. Qd3 a5 25. Re2 Qg6 26. Qd1 h6 27. Rc2
Bxd4 28. exd4 Rc8 29. Re2 Nf6 30. Rxe8+ Nxe8 31. Qe2 Nf6 1/2-1/2

[Event "2. Bundesliga Ost 2014/2015"]
[Site "1020 Wien, Haus des Schachsports, Marathonweg 14"]
[Date "2015.02.22"]
[Round "9"]
[Board "2"]
[White "Theissl-Pokorna, Regina"]
[Black "Sadilek, Peter"]
[Result "1/2-1/2"]
[WhiteElo "2362"]
[BlackElo "2283"]
[PlyCount "122"]
[EventDate "2014.10.18"]
[EventType "team"]
[EventRounds "11"]
[EventCountry "AUT"]
[WhiteTeam "SK Austria"]
[BlackTeam "tschaturanga"]

1. e4 d6 2. d4 Nf6 3. Nc3 g6 4. f4 Bg7 5. Nf3 c5 6. d5 O-O 7. Bd3 e6 8. O-O
exd5 9. Nxd5 Nxd5 10. exd5 Na6 11. c4 b5 12. cxb5 Nb4 13. Bc4 Bf5 14. a3 Nc2
15. Ra2 Nd4 16. Nxd4 Bxd4+ 17. Kh1 Bb1 18. Ra1 Be4 19. a4 Qf6 20. Ra3 Bxb2 21.
Re3 Rae8 22. Qe2 Bxc1 23. Rxe4 Rxe4 24. Qxe4 Bd2 25. g3 Qd8 26. Qd3 Bb4 27. f5
Qg5 28. Qe4 Qd2 29. Bd3 Bc3 30. Qf3 Qg5 31. fxg6 hxg6 32. Bxg6 Qxg6 33. Qxc3
Qe4+ 34. Qf3 Re8 35. Qxe4 Rxe4 36. Rf6 Rxa4 37. Rxd6 Kf8 38. Rc6 c4 39. Rc7 Rb4
40. d6 Ke8 41. Re7+ Kd8 42. Rxa7 Rxb5 43. Rc7 Rd5 44. Rxc4 Rxd6 45. Re4 Rd1+
46. Kg2 Rd2+ 47. Kg1 Kd7 48. h4 f5 49. Re5 f4 50. g4 f3 51. Re4 Kd6 52. g5 Rg2+
53. Kf1 Kd5 54. Re8 Kd4 55. Re7 Rh2 56. g6 Rxh4 57. Kf2 Rg4 58. Re6 Kd5 59. Ra6
Ke5 60. Kxf3 Rg1 61. Kf2 Rg4 1/2-1/2

[Event "2. Bundesliga Ost 2014/2015"]
[Site "1020 Wien, Haus des Schachsports, Marathonweg 14"]
[Date "2015.02.22"]
[Round "9"]
[Board "3"]
[White "Karner, Christoph"]
[Black "Liedl, Wolfgang"]
[Result "0-1"]
[WhiteElo "2333"]
[BlackElo "2226"]
[PlyCount "128"]
[EventDate "2014.10.18"]
[EventType "team"]
[EventRounds "11"]
[EventCountry "AUT"]
[WhiteTeam "tschaturanga"]
[BlackTeam "SK Austria"]

1. d4 d5 2. c4 c6 3. Nf3 Nf6 4. Nc3 dxc4 5. a4 Bf5 6. Nh4 e6 7. Nxf5 exf5 8. e3
Bb4 9. Bxc4 O-O 10. Bd2 c5 11. dxc5 Bxc5 12. O-O Nc6 13. Qe2 Ne5 14. Ba2 Qd3
15. Rfd1 Rfd8 16. Be1 Qxe2 17. Nxe2 Nd3 18. Bc3 Ne4 19. Bd4 Ndxf2 20. Rf1 Bxd4
21. Nxd4 Ng4 22. Nxf5 Ngf6 23. Rac1 g6 24. Nh6+ Kg7 25. Nxf7 Rd7 26. Ne5 Re7
27. Nf3 b6 28. Rc6 Rd8 29. Nd4 Rd6 30. Rxd6 Nxd6 31. Ne6+ Kf7 32. Rc1 Nfe4 33.
Nf4+ Kg7 34. Nd5 Rd7 35. b4 Nf5 36. h3 Nf6 37. Nxf6 Kxf6 38. Rc6+ Kg5 39. e4
Rd1+ 40. Kh2 Nd4 41. Rc3 Rd2 42. Bg8 h5 43. e5 Kf5 44. Bh7 h4 45. b5 Re2 46.
Rd3 Re4 47. e6 Nxe6 48. Rd5+ Kf6 49. Rd7 Rxa4 50. Bg8 Nf4 51. Bd5 Nxd5 52. Rxd5
Ra1 53. Rd7 Ra5 54. Kg1 Rxb5 55. Rxa7 Re5 56. Rb7 b5 57. Kf2 g5 58. Kf3 Ke6 59.
Kg4 Kd6 60. Kh5 Kc5 61. Rc7+ Kd4 62. Kg6 b4 63. Rb7 Kc4 64. Kf6 Rb5 0-1

[Event "2. Bundesliga Ost 2014/2015"]
[Site "1020 Wien, Haus des Schachsports, Marathonweg 14"]
[Date "2015.02.22"]
[Round "9"]
[Board "4"]
[White "Higatsberger, Michael"]
[Black "Wukits, Rene"]
[Result "0-1"]
[WhiteElo "2137"]
[BlackElo "2348"]
[PlyCount "126"]
[EventDate "2014.10.18"]
[EventType "team"]
[EventRounds "11"]
[EventCountry "AUT"]
[WhiteTeam "SK Austria"]
[BlackTeam "tschaturanga"]

1. e4 c5 2. Nf3 Nf6 3. e5 Nd5 4. c4 Nc7 5. d4 cxd4 6. Qxd4 Nc6 7. Qe4 g6 8. h4
d6 9. h5 Bf5 10. Qe3 Bg7 11. hxg6 hxg6 12. Rxh8+ Bxh8 13. Qh6 Bxe5 14. Nxe5
dxe5 15. Be3 Qd6 16. c5 Qe6 17. Qh8+ Kd7 18. Qh4 Qf6 19. Qa4 Rh8 20. Nc3 Rh4
21. O-O-O+ Ke8 22. Qa3 a6 23. g3 Rd4 24. Bxd4 exd4 25. Nb1 e5 26. Nd2 Ne6 27.
Bg2 Qe7 28. b4 Na7 29. Qf3 Nc6 30. Qb3 Qg5 31. Kb2 Nc7 32. a3 Be6 33. Nc4 f5
34. Qd3 e4 35. Nd6+ Kf8 36. Qd2 Qf6 37. Rh1 d3+ 38. Kb1 Nd5 39. Qh6+ Qg7 40.
Qxg7+ Kxg7 41. Nxb7 Nd4 42. Kb2 Kf6 43. Nd6 Nc7 44. Kc3 Ncb5+ 45. Nxb5 Nxb5+
46. Kd2 Nxa3 47. Ra1 Nc2 48. Rxa6 Nxb4 49. Rd6 Ke5 50. f4+ Kf6 51. Bf1 Kf7 52.
Kc3 Nd5+ 53. Kd4 Nb4 54. Ke5 Bc4 55. Kd4 Bb5 56. Kc3 e3 57. Bxd3 Bxd3 58. Rxd3
e2 59. Rd7+ Ke8 60. Kd2 Kxd7 61. Kxe2 Kc6 62. g4 Kxc5 63. Kf3 Kd4 0-1

[Event "2. Bundesliga Ost 2014/2015"]
[Site "1020 Wien, Haus des Schachsports, Marathonweg 14"]
[Date "2015.02.22"]
[Round "9"]
[Board "5"]
[White "Kreindl, Helmut"]
[Black "Steiner, Johann"]
[Result "1-0"]
[WhiteElo "2219"]
[BlackElo "2060"]
[PlyCount "75"]
[EventDate "2014.10.18"]
[EventType "team"]
[EventRounds "11"]
[EventCountry "AUT"]
[WhiteTeam "tschaturanga"]
[BlackTeam "SK Austria"]

1. d4 Nf6 2. Bg5 c6 3. c3 d5 4. Nd2 h6 5. Bxf6 exf6 6. g3 Bd6 7. Bg2 O-O 8. e3
Bf5 9. Ne2 Re8 10. O-O Nd7 11. b3 Ba3 12. c4 Nb6 13. c5 Nd7 14. b4 Bb2 15. Rb1
Bxb1 16. Qxb1 Bxd4 17. Nxd4 g6 18. Rc1 a5 19. b5 Ne5 20. a4 Qe7 21. h3 Kg7 22.
Kh2 h5 23. N2f3 Rac8 24. bxc6 bxc6 25. Qc2 Qc7 26. Qc3 Rb8 27. Nc2 Nxf3+ 28.
Bxf3 h4 29. Rg1 Re5 30. Kh1 hxg3 31. Rxg3 Rh8 32. Bg2 Rf5 33. Kg1 Rh4 34. Nd4
Rfh5 35. Qd3 Kh7 36. f4 Qe7 37. Qc3 Qc7 38. Nf3 1-0

[Event "2. Bundesliga Ost 2014/2015"]
[Site "1020 Wien, Haus des Schachsports, Marathonweg 14"]
[Date "2015.02.22"]
[Round "9"]
[Board "6"]
[White "Iro, Christian"]
[Black "Leitner, Gerald"]
[Result "0-1"]
[WhiteElo "1934"]
[BlackElo "2210"]
[PlyCount "38"]
[EventDate "2014.10.18"]
[EventType "team"]
[EventRounds "11"]
[EventCountry "AUT"]
[WhiteTeam "SK Austria"]
[BlackTeam "tschaturanga"]

1. e4 c5 2. Nf3 d6 3. d4 cxd4 4. Nxd4 Nf6 5. Nc3 a6 6. Be3 e6 7. Be2 Nbd7 8.
Qd2 Qc7 9. g4 h6 10. O-O-O b5 11. f3 Bb7 12. h4 g6 13. g5 hxg5 14. hxg5 Rxh1
15. Rxh1 Nh5 16. Rh3 Ne5 17. f4 Nc4 18. Bxc4 Qxc4 19. b3 Qf1+ 0-1

[Event "2. Bundesliga Ost 2014/2015"]
[Site "1020 Wien, Haus des Schachsports, Marathonweg 14"]
[Date "2015.02.22"]
[Round "9"]
[Board "1"]
[White "Bernasek, Jan"]
[Black "Lipka, Juraj"]
[Result "1/2-1/2"]
[WhiteElo "2533"]
[BlackElo "2412"]
[PlyCount "83"]
[EventDate "2014.10.18"]
[EventType "team"]
[EventRounds "11"]
[EventCountry "AUT"]
[WhiteTeam "Zwettl"]
[BlackTeam "ASVOE Pamhagen"]

1. d4 d5 2. c4 c6 3. Nf3 Nf6 4. Nc3 a6 5. e3 e6 6. b3 Bb4 7. Bd2 Nbd7 8. Bd3
Bd6 9. O-O O-O 10. Re1 e5 11. cxd5 cxd5 12. e4 exd4 13. Nxd5 Nxd5 14. exd5 Nf6
15. Nxd4 Bg4 16. Be2 Bxe2 17. Rxe2 Nxd5 18. Nf5 Qf6 19. Nxd6 Qxd6 20. Bb4 Qxb4
21. Qxd5 Rad8 22. Qe5 h6 23. g3 Rd6 24. Rc1 Re6 25. Qh5 Rxe2 26. Qxe2 Qd6 27.
Qd1 Qxd1+ 28. Rxd1 f6 29. Kg2 Rf7 30. Rd8+ Rf8 31. Rxf8+ Kxf8 32. Kf3 Ke7 33.
Ke4 Ke6 34. h4 h5 35. f3 g6 36. b4 f5+ 37. Kd4 Kd6 38. a4 b6 39. f4 Ke6 40. b5
axb5 41. axb5 Kd6 42. Kc4 1/2-1/2

[Event "2. Bundesliga Ost 2014/2015"]
[Site "1020 Wien, Haus des Schachsports, Marathonweg 14"]
[Date "2015.02.22"]
[Round "9"]
[Board "2"]
[White "Kochetkova, Julia"]
[Black "Polak, Thomas"]
[Result "0-1"]
[WhiteElo "2327"]
[BlackElo "2513"]
[PlyCount "78"]
[EventDate "2014.10.18"]
[EventType "team"]
[EventRounds "11"]
[EventCountry "AUT"]
[WhiteTeam "ASVOE Pamhagen"]
[BlackTeam "Zwettl"]

1. e4 c6 2. d4 d5 3. Nc3 dxe4 4. Nxe4 Bf5 5. Ng3 Bg6 6. Nh3 e6 7. Nf4 Bd6 8.
Ngh5 Bxh5 9. Nxh5 g6 10. Ng3 Nf6 11. Be2 Nbd7 12. c3 Qc7 13. Qd3 O-O 14. Bg5
Rfe8 15. O-O Bf4 16. Bxf6 Nxf6 17. Qf3 e5 18. dxe5 Qxe5 19. Bc4 Rad8 20. Rad1
b5 21. Bd3 Rd6 22. Bc2 Rxd1 23. Rxd1 Bxg3 24. hxg3 h5 25. Bd3 Re6 26. Bf1 Ng4
27. Rd4 Kg7 28. a4 Rf6 29. Rf4 bxa4 30. Rxf6 Qxf6 31. Qe2 a3 32. bxa3 Qxc3 33.
a4 Qd4 34. Qc2 a5 35. Ba6 Qa1+ 36. Bf1 Qd4 37. Ba6 c5 38. Kf1 Qa1+ 39. Ke2 Qf6
 0-1

[Event "2. Bundesliga Ost 2014/2015"]
[Site "1020 Wien, Haus des Schachsports, Marathonweg 14"]
[Date "2015.02.22"]
[Round "9"]
[Board "3"]
[White "Blatny, Pavel"]
[Black "Vitouch, Anatol"]
[Result "0-1"]
[WhiteElo "2414"]
[BlackElo "2314"]
[PlyCount "98"]
[EventDate "2014.10.18"]
[EventType "team"]
[EventRounds "11"]
[EventCountry "AUT"]
[WhiteTeam "Zwettl"]
[BlackTeam "ASVOE Pamhagen"]

1. f4 g6 2. g3 Bg7 3. Bg2 c5 4. e4 Nc6 5. d3 d6 6. Ne2 e6 7. c4 Nge7 8. Nbc3
Qd7 9. O-O O-O 10. Kh1 f5 11. Be3 Nd4 12. Qd2 Nec6 13. Rg1 b6 14. Raf1 Bb7 15.
Bf2 Rae8 16. h3 Nxe2 17. Qxe2 Nd4 18. Qd1 e5 19. fxe5 Bxe5 20. exf5 Nxf5 21. g4
Bxc3 22. bxc3 Bxg2+ 23. Rxg2 Ne3 24. Bxe3 Rxe3 25. Rxf8+ Kxf8 26. Rf2+ Kg7 27.
Rf3 Qe6 28. Rxe3 Qxe3 29. Kg2 Kf6 30. Qf3+ Qxf3+ 31. Kxf3 Ke5 32. Ke3 d5 33.
cxd5 Kxd5 34. Kf4 b5 35. Kg5 b4 36. cxb4 cxb4 37. h4 a5 38. h5 gxh5 39. gxh5 a4
40. Kh6 b3 41. axb3 axb3 42. Kxh7 b2 43. h6 b1=Q 44. Kg7 Qb7+ 45. Kg6 Qc6+ 46.
Kg7 Qd7+ 47. Kg6 Qe6+ 48. Kg7 Qe7+ 49. Kg6 Ke6 0-1

[Event "2. Bundesliga Ost 2014/2015"]
[Site "1020 Wien, Haus des Schachsports, Marathonweg 14"]
[Date "2015.02.22"]
[Round "9"]
[Board "4"]
[White "Alvir, Aco"]
[Black "Zwettler, Martin"]
[Result "1-0"]
[WhiteElo "2343"]
[BlackElo "2249"]
[PlyCount "149"]
[EventDate "2014.10.18"]
[EventType "team"]
[EventRounds "11"]
[EventCountry "AUT"]
[WhiteTeam "ASVOE Pamhagen"]
[BlackTeam "Zwettl"]

1. e4 c5 2. Nf3 g6 3. d4 cxd4 4. Nxd4 Nc6 5. Nb3 Bg7 6. Be2 Nf6 7. Nc3 d6 8.
O-O O-O 9. Re1 Be6 10. Bg5 Rc8 11. Bf1 a6 12. Nd5 Bxd5 13. exd5 Ne5 14. c3 Qd7
15. Bc1 Rfe8 16. g3 Nc4 17. Bg2 h6 18. a4 Qc7 19. Nd4 Nb6 20. Nc2 Nc4 21. Re2
Nd7 22. h4 Rb8 23. Nd4 Nf6 24. b3 Ne5 25. c4 a5 26. Bb2 Ned7 27. Qc2 Nc5 28.
Rae1 Kf8 29. Bh3 Qb6 30. Nb5 Ra8 31. Bd4 Rad8 32. Qc3 Ra8 33. Re3 Rad8 34. R1e2
Ra8 35. Rd3 Kg8 36. Qe1 Kf8 37. Qb1 Kg8 38. Rde3 Qd8 39. Qe1 Kf8 40. Kg2 Ra6
41. f4 Nh5 42. f5 g5 43. hxg5 hxg5 44. Qd2 Nd7 45. Bxg7+ Nxg7 46. Re4 f6 47.
Bg4 Ne5 48. Nd4 Kf7 49. Ne6 Nxe6 50. fxe6+ Kg7 51. Rxe5 dxe5 52. Rxe5 Rh8 53.
Rxg5+ Kf8 54. Rh5 Kg7 55. Rg5+ Kf8 56. c5 fxg5 57. Qf2+ Kg7 58. Qf7+ Kh6 59.
Qh5+ Kg7 60. Qxg5+ Kf8 61. Qf4+ Kg7 62. Qe5+ Kh6 63. d6 exd6 64. Qh5+ Kg7 65.
Qf7+ Kh6 66. e7 Qe8 67. Qf6+ Kh7 68. Bf5+ Kg8 69. Be6+ Kh7 70. Bf5+ Kg8 71.
Qg5+ Kf7 72. Bg6+ Ke6 73. Qf5+ Kxe7 74. Qe4+ Kd8 75. Bxe8 1-0